000 00421nam a2200157Ia 4500
005 20250303095707.0
008 231217s9999 xx 000 0 und d
020 _a9788131404430
082 _a378 MUK;1 R
100 _aMukhopadhyay, Marmar.
245 0 _aLeadership for institution building in education
260 _c2006
_bIcfai
_aHyderabad
300 _aiv, 232
650 _aLeadership,education
942 _cAA
999 _c190178
_d190178